The World's Religions. (Record no. 348362)
[ view plain ]
| 000 -LEADER | |
|---|---|
| fixed length control field | 00400 a2200157 4500 |
| 020 ## - INTERNATIONAL STANDARD BOOK NUMBER | |
| International Standard Book Number | 9695190464 |
| 082 ## - DEWEY DECIMAL CLASSIFICATION NUMBER | |
| Classification number | 291.20 |
| 090 ## - LOCALLY ASSIGNED LC-TYPE CALL NUMBER (OCLC); LOCAL CALL NUMBER (RLIN) | |
| -- | 5972 |
| -- | 5972 |
| 100 ## - MAIN ENTRY--PERSONAL NAME | |
| Personal name | Smith,Huston. |
| 245 ## - TITLE STATEMENT | |
| Title | The World's Religions. |
| Remainder of title | Our great wisdom traditions. |
| Statement of responsibility, etc. | Huston Smith. |
| 250 ## - EDITION STATEMENT | |
| Edition statement | 1st |
| 260 ## - PUBLICATION, DISTRIBUTION, ETC. | |
| Place of publication, distribution, etc. | Lahore |
| Name of publisher, distributor, etc. | Suhail Academy . |
| Date of publication, distribution, etc. | 2002. |
| 300 ## - PHYSICAL DESCRIPTION | |
| Extent | 399p. |
| 500 ## - GENERAL NOTE | |
| General note | Hardcover |
| 942 ## - ADDED ENTRY ELEMENTS (KOHA) | |
| Institution code [OBSOLETE] | NBS |
| Koha item type | Book |
| Call number prefix | 291.20 SMI |
| Withdrawn status | Lost status | Damaged status | Not for loan | Permanent Location | Current Location | Date acquired | Total Checkouts | Full call number | Barcode | Date last seen | Date last checked out | Price effective from | Koha item type |
|---|---|---|---|---|---|---|---|---|---|---|---|---|---|
| Central Library (CL) | Central Library (CL) | 08/28/2013 | 2 | 291.20 SMI | NBSD-1535 | 05/27/2019 | 02/09/2019 | 08/28/2013 | Book |
